| 000 | 00605nam a2200241Ia 4500 | ||
|---|---|---|---|
| 003 | 0100 | ||
| 008 | 130227s9999 xx 000 0 und d | ||
| 020 | _a9780415416016 | ||
| 040 | _cARRUPELIB | ||
| 050 | _aJC329.5.K66 2010 | ||
| 100 | _aKnowles, Dudley | ||
| 245 | _aPolitical obligation | ||
| 245 | _bA critical introduction | ||
| 260 | _aLondon | ||
| 260 | _bRoutledge | ||
| 260 | _C2010 | ||
| 300 | _axii | ||
| 300 | _b 219p 23cm | ||
| 440 | _aRoutledge contemporary political philosophy | ||
| 650 | _bSpiritual life - Christianity | ||
| 650 | _cChristian community | ||
| 942 |
_2lcc _01 |
||
| 999 |
_c2511 _d2511 |
||